000 00278nam a22001217a 4500
008 180421b xxu||||| |||| 00| 0 eng d
041 _aeng
080 _a043.3
100 _a0
101 _aMEK-BA
245 _aImplementimi i Kontrollerave Analog
_cAbdyli, D
942 _2udc
_cBK
999 _c45363
_d45363